Paroles Le premier jour du reste de ta vie-Etienne Daho - Statistiques

Statistiques générales
  • Ce quiz a été pris 70 fois
  • Le résultat moyen est 149 sur 187
Statistiques - réponses
Réponse % Correct
à
100%
a
100%
le
100%
de
98%
jour
98%
premier
98%
vie
98%
C'est
96%
les
96%
Les
96%
reste
96%
ta
96%
du
94%
et
94%
Et
94%
tout
94%
autres
92%
comme
92%
En
92%
plus
92%
Plus
92%
Un
92%
un
92%
la
90%
mais
90%
Mais
90%
que
90%
sa
90%
tous
90%
matin
88%
ses
88%
pour
83%
envies
81%
peu
81%
prix
81%
son
81%
aujourd'hui
79%
quel
79%
confidentiel
77%
Confidentiel
77%
essentielles
77%
nouveau
77%
peut
77%
Dans
75%
cette
73%
instinct
73%
on
73%
pari
73%
beau
71%
changer
71%
l'monde
71%
pareil
71%
Rester
69%
rôle
69%
debout
67%
Debout
67%
Jouer
67%
morose
67%
pluie
67%
Sacrifier
67%
importe
65%
Quand
65%
sous
65%
toujours
65%
inertie
63%
tombe
63%
haut
60%
magie
60%
soir
60%
berceau
58%
clopant
58%
Clopin
58%
dur
58%
rideau
58%
étoiles
56%
lune
56%
vouloir
54%
quelques
52%
certitudes
50%
décrocher
50%
loin
50%
Puis
50%
secondes
50%
s'effondrent
50%
Pourquoi
48%
Sache
48%
Rechercher
44%
Tu
42%
accidentel
35%
providentiel
35%
confidentielles
29%
peux
29%
Suivre
29%
Non
27%
exploser
19%
Oui
19%
Aucun quiz correspondant
Distribution des résultats
% des personnes avec chaque résultat
Percentile par nombre de réponses
Votre historique - résultats
Vous n’avez pas pris ce quiz